• 首页
  • 本馆介绍
  • 公告通知
  • 最新文献
  • 馆藏检索
  • 电子资源
  • 读者导购
  • 参考咨询
  • 我的图书馆
  • 登录
  • 详细信息显示
  • 放入我的书架
  • 预约/预借图书
  • 作者相关作品
  • 分类相关作品
  • 丛书相关作品
  • 出版社相关作品

书目信息

  • 表格格式
  • 工作单格式
  • 卡片格式
题名:
SolidWorks高级应用教程
    
 
作者: ;北京兆迪科技公司 编著
分册:  
出版信息: 北京   电子工业出版社  2018
页数: XIII, 310页
开本: 26cm
丛书名: SolidWorks认证工程师成长之路丛书
单 册:
中图分类: TH122 , TP391.72
科图分类:
主题词: 机械设计--ji xie she ji--计算机辅助设计--应用软件--教材 , 计算机辅助设计--ji suan ji fu zhu she ji--应用软件--教材
电子资源:
ISBN: 978-7-121-34567-8
000 01351cam 2200313 450
001 012001003849
005 20131106092712.0
010    @a978-7-121-34567-8@dCNY60.00 (含光盘)
010    @a978-7-89394-378-2
099    @aCAL 012018103261
100    @a20180806d2018 em y0chiy50 ea
101 0  @achi
102    @aCN@b110000
105    @aa z 000yy
106    @ar
200 1  @aSolidWorks高级应用教程@ASolidWorks gao ji ying yong jiao cheng@e2018中文版@f北京兆迪科技有限公司编著
210    @a北京@c电子工业出版社@d2018
215    @aXIII, 310页@c图@d26cm@e光盘1片
225 2  @aSolidWorks认证工程师成长之路丛书@ASolidWorks ren zheng gong cheng shi cheng zhang zhi lu cong shu
300    @a配全程视频教程
330    @a本书是进一步学习Solidworks 2018中文版高级功能的书籍, 内容包括高级草图设计、零件设计高级功能、高级曲面设计、高级装配设计、高级工程图、模型的外观设置与渲染、运动仿真及动画、模具设计、逆向工程、齿轮设计、凸轮设计和有限元结构分析等。
410  0 @12001 @aSolidWorks认证工程师成长之路丛书
606 0  @a机械设计@Aji xie she ji@x计算机辅助设计@x应用软件@j教材
606 0  @a计算机辅助设计@Aji suan ji fu zhu she ji@x应用软件@j教材
690    @aTH122@v5
690    @aTP391.72@v5
711 02 @a北京兆迪科技公司@Abei jing zhao di ke ji gong si@4编著
801  0 @aCN@b上海新华@c20191020
905    @b1206871-4@dTH122@e139@f4
    
    SolidWorks高级应用教程:2018中文版/北京兆迪科技有限公司编著.-北京:电子工业出版社,2018
    XIII, 310页:图;26cm+光盘1片.-(SolidWorks认证工程师成长之路丛书)
    配全程视频教程
    
    ISBN 978-7-121-34567-8:CNY60.00 (含光盘)
    本书是进一步学习Solidworks 2018中文版高级功能的书籍, 内容包括高级草图设计、零件设计高级功能、高级曲面设计、高级装配设计、高级工程图、模型的外观设置与渲染、运动仿真及动画、模具设计、逆向工程、齿轮设计、凸轮设计和有限元结构分析等。
●
相关链接 在E读中查询图书 在五车中查询图书 在当当中查询图书 在豆瓣中查询图书


正题名:SolidWorks高级应用教程     索取号:TH122/139         预约/预借

序号 登录号 条形码 馆藏地/架位号 状态 备注
1 1206871   212068714   第二样本阅览室/ [索取号:TH122/139] 在馆    
2 1206872   212068723   第三借阅区/ [索取号:TH122/139] 在馆    
3 1206873   212068732   第三借阅区/ [索取号:TH122/139] 在馆    
4 1206874   212068741   第三借阅区/ [索取号:TH122/139] 在馆    
唐山师范学院图书馆 欢迎您!
大连网信软件有限公司© 版权所有